000 00491nam a2200145Ia 4500
008 100204s9999 xx 000 0 und d
082 _b1242
100 _aताम्हाणे प्रभाकर
245 _aका मोगरा फलेना
260 _b"कुलकर्णी गं्रथागार , पुणे"
300 _a157
630 _aका मोगरा फलेना
730 _aका मोगरा फलेना
942 _cBOOK
999 _c446409
_d446406